Vliv rozpadu manželských svazků na plodnost v České republice

Pôrodnosť podľa histórie partnerstva. Odhadovaný podiel bezdetných žien a bezdetných mužov podľa veku a histórie partnerstva. Pôrodnosť po zániku prvého manželstva. Faktory ovplyvňujúce pôrodnosť po zániku prvého manželstva. Pôrodnosť po zvniku nového partnerstva. Faktory ovplyvňujúce pôrodnosť po v...

Ausführliche Beschreibung

Gespeichert in:
Bibliographische Detailangaben
1. Verfasser: Filasová, Alena
Format: Buchkapitel
Sprache:Tschechisch
Schlagworte:
Tags: Tag hinzufügen
Keine Tags, Fügen Sie das erste Tag hinzu!

MARC

LEADER 00000naa a2200000 4500
001 0190953
005 20240417075046.7
041 0 |a cze 
044 |a CZ 
245 1 0 |a Vliv rozpadu manželských svazků na plodnost v České republice  |c Alena Filasová 
520 |a Pôrodnosť podľa histórie partnerstva. Odhadovaný podiel bezdetných žien a bezdetných mužov podľa veku a histórie partnerstva. Pôrodnosť po zániku prvého manželstva. Faktory ovplyvňujúce pôrodnosť po zániku prvého manželstva. Pôrodnosť po zvniku nového partnerstva. Faktory ovplyvňujúce pôrodnosť po vzniku nového partnerstva. Medzinárodný kontext. 
610 2 0 |a demografia 
610 2 0 |a populácia 
610 2 0 |a pôrodnosť 
610 2 0 |a plodnosť 
610 2 0 |a deti 
610 2 0 |a ženy 
610 2 0 |a muži 
610 2 0 |a vek 
610 2 0 |a štatistika 
610 2 0 |a Česko 
100 1 |a Filasová, Alena